000 00863nam a2200265Ia 4500
001 50069655
003 OCoLC
005 20220728204824.0
008 020626s2001 ag ab j 001 0 spa d
020 _a9501113752 :
_c$12.95
020 _a9789501113754
040 _aLPU
_cLPU
_dJQJ
_dOCoLC
041 _aspa
245 0 0 _aPlaneta tierra.
260 _aBuenos Aires :
_bEditorial Sigmar,
_cc2001.
300 _a48 p. :
_bcol. ill., col. maps ;
_c28 cm.
440 0 _aColeccion 101 preguntas.
500 _a"Es una edicion Sigmar"--P. [4] of cover.
500 _aIncludes index.
520 _aA general introduction to earth science in a question-and-answer format.
650 0 _aChildren's questions and answers
_vJuvenile literature.
650 7 _aTierra
_vLiterauatura juvenil.
_2bidex.
651 0 _aEarth (Planet)
_vJuvenile literature.
942 _cBK
999 _c27287
_d27287